000 nam a22 7a 4500
999 _c7920
_d7920
008 171109b xxu||||| |||| 00| 0 eng d
100 _94384
_aNCERT
245 _aCHEMISTRY LABORATRY MANUAL -XI
260 _aNEW DELHI
_bNCERT
_c2017